<?xml version="1.0" encoding="UTF-8"?>
<collection xmlns="http://www.loc.gov/MARC21/slim">
    <record>
        <controlfield tag="001">55721</controlfield>
        <controlfield tag="005">20170831220628.0</controlfield>
        <datafield tag="037" ind1=" " ind2=" ">
            <subfield code="a">GDOC-2015-3321</subfield>
        </datafield>
        <datafield tag="041" ind1=" " ind2=" ">
            <subfield code="a">spa</subfield>
        </datafield>
        <datafield tag="245" ind1="0" ind2="0">
            <subfield code="9">60067</subfield>
            <subfield code="a">Trabajo Fin de Máster</subfield>
        </datafield>
        <datafield tag="260" ind1=" " ind2=" ">
            <subfield code="a">Zaragoza</subfield>
            <subfield code="b">Universidad de Zaragoza</subfield>
            <subfield code="c">2015-2016</subfield>
        </datafield>
        <datafield tag="520" ind1=" " ind2=" ">
            <subfield code="a">Los estudiantes, de acuerdo a las competencias adquiridas, realizarán un trabajo fin de Máster relacionado con alguno de los aspectos desarrollados en los módulos del Máster. Podrá desarrollarse en alguna de estas modalidades: 1.- Un trabajo de carácter experimental en el laboratorio para la obtención e interpretación de resultados generados por el propio estudiante. 2.- Un trabajo específico realizado como resultado de prácticas en empresas o instituciones. 3.- Un trabajo de carácter no presencial, que requiera entre otros, el análisis y la interpretación de resultados, el estudio de modelos de comportamiento o el desarrollo y aplicación de legislación, siempre en relación directa con nanomateriales y sus usos y aplicaciones en relación con el Medioambiente. 4.- Un trabajo bibliográfico original y crítico basado en la búsqueda de información en fuentes contrastadas. La elección del tema de trabajo, dentro de la oferta del máster, corresponde al propio alumno, según su interés particular y la disponibilidad de tutor. No obstante, el coordinador asesorará a los alumnos que así lo requieran. Al finalizar el trabajo presentarán una memoria en la que se desarrollarán los siguientes aspectos: antecedentes, breve exposición del problema planteado y que se pretende abordar, el diseño y la ejecución del trabajo experimental, la interpretación y discusión de los resultados, las conclusiones del estudio realizado, así como la bibliografía consultada. </subfield>
        </datafield>
        <datafield tag="521" ind1=" " ind2=" ">
            <subfield code="9">689</subfield>
            <subfield code="a">Máster Universitario en Nanotecnología Medioambiental</subfield>
        </datafield>
        <datafield tag="540" ind1=" " ind2=" ">
            <subfield code="a">by-nc-sa</subfield>
            <subfield code="b">Creative Commons</subfield>
            <subfield code="c">3.0</subfield>
            <subfield code="u">http://creativecommons.org/licenses/by-nc-sa/3.0/</subfield>
        </datafield>
        <datafield tag="830" ind1=" " ind2=" ">
            <subfield code="9">544</subfield>
        </datafield>
        <datafield tag="856" ind1="4" ind2=" ">
            <subfield code="s">81697</subfield>
            <subfield code="u">http://zaguan.unizar.es/record/55721/files/guia.pdf</subfield>
            <subfield code="y">Guía (idioma español)</subfield>
        </datafield>
        <datafield tag="980" ind1=" " ind2=" ">
            <subfield code="a">GDOC</subfield>
            <subfield code="b">Ciencias</subfield>
            <subfield code="c">100</subfield>
        </datafield>
    </record>

    
</collection>